|
|
|
|
| LEADER |
01000cam a2200265 c 4500 |
| 001 |
274327872 |
| 003 |
DE-627 |
| 005 |
20260221170458.0 |
| 007 |
tu |
| 008 |
990101s1996 au ||||| 00| ||ger c |
| 015 |
|
|
|a 96,N50,0793
|2 dnb
|
| 015 |
|
|
|a 96,N50,0793
|2 dnb
|
| 016 |
7 |
|
|a 94860560X
|2 DE-101
|
| 020 |
|
|
|a 3486562649
|
| 020 |
|
|
|a 3702904204
|
| 035 |
|
|
|a (DE-627)274327872
|
| 035 |
|
|
|a (DE-603)051303671
|
| 035 |
|
|
|a (DE-576)056052138
|
| 035 |
|
|
|a (DE-599)GBV274327872
|
| 035 |
|
|
|a (OCoLC)246667704
|
| 035 |
|
|
|a (OCoLC)246667704
|
| 035 |
|
|
|a (OCoLC)36618676
|
| 035 |
|
|
|a (AT-OBV)AC01719688
|
| 040 |
|
|
|a DE-627
|b ger
|c DE-627
|e rakwb
|
| 041 |
|
|
|a ger
|
| 044 |
|
|
|c XA-AT
|c XA-AT-9
|c XA-DE
|
| 050 |
|
0 |
|a RA964
|
| 082 |
0 |
|
|a 362.1/1/09436130902
|q LOC
|2 21
|
| 082 |
0 |
|
|a 362.1109436130902
|q LoC
|2 DDC21oclc
|
| 084 |
|
|
|a 63
|2 sdnb
|
| 084 |
|
|
|a 64
|a 63
|a 12
|a 33
|2 sdnb
|
| 084 |
|
|
|a 4,1
|a 1
|2 ssgn
|
| 084 |
|
|
|a NW 8900
|2 rvk
|0 (DE-625)rvk/132324:
|
| 084 |
|
|
|a NR 8268
|2 rvk
|0 (DE-625)rvk/129885:
|
| 084 |
|
|
|a XB 3988
|2 rvk
|0 (DE-625)rvk/152461:12997
|
| 084 |
|
|
|a 15.60
|2 bkl
|
| 084 |
|
|
|a 15.07
|2 bkl
|
| 084 |
|
|
|a 44.01
|2 bkl
|
| 100 |
1 |
|
|a Pohl-Resl, Brigitte
|e verfasserin
|0 (DE-588)137685211
|0 (DE-627)594037891
|0 (DE-576)304841978
|4 aut
|
| 245 |
1 |
0 |
|a Rechnen mit der Ewigkeit
|b das Wiener Bürgerspital im Mittelalter
|c Brigitte Pohl-Resl
|
| 263 |
|
|
|a (München) kart. : ca. DM 78.00, ca. sfr 66.00 ; (Wien ...) kart. : ca. S 580.00
|
| 264 |
|
1 |
|a Wien
|a München
|b Oldenbourg
|c 1996
|
| 300 |
|
|
|a 219 S
|b Ill., graph. Darst
|
| 336 |
|
|
|a Text
|b txt
|2 rdacontent
|
| 337 |
|
|
|a ohne Hilfsmittel zu benutzen
|b n
|2 rdamedia
|
| 338 |
|
|
|a Band
|b nc
|2 rdacarrier
|
| 490 |
1 |
|
|a Mitteilungen des Instituts für Österreichische Geschichtsforschung
|a Ergänzungsband
|v 33
|
| 500 |
|
|
|a Literaturverz. S. [193] - 209
|
| 505 |
8 |
|
|a Literaturverz. S. [193] - 209
|
| 520 |
|
|
|a Medizinhistorische Studie mit intensivem Quellenstudium über die spätmittelalterliche Institution des Bürgerspitals in Wien, in dem Arme durch wohlhabende Sponsoren versorgt, Waisenkinder beherbergt, Geisteskranke verwahrt wurden. Anhand historischer Quellen über das Wiener Spital werden die sozialen und religiösen Aufgaben dieser Institution und ihre ökonomischen Grundlagen untersucht. Vorangestellt sind die verschiedenen Personengruppen im Bürgerspital, und es wird ein Eindruck von der Kultur der reichen Wiener Kaufleute und Finanzmakler des späten Mittelalters vermittelt. Ein weiterer Schwerpunkt der Darstellung ist der Wandel der mittelalterlichen Strukturen im letzten Drittel des 15. Jahrhunderts, als das Bürgerspital immer stärker unter städtische Kontrolle kam
|
| 583 |
1 |
|
|a Archivierung/Langzeitarchivierung gewährleistet
|f SSG
|x XA-DE-BW
|2 pdager
|5 DE-21
|
| 583 |
1 |
|
|a Archivierung prüfen
|c 20240324
|f DE-4165
|z 3
|2 pdager
|
| 648 |
|
7 |
|a Geschichte
|2 gnd
|
| 648 |
|
7 |
|a Geschichte 1200-1500
|2 gnd
|
| 650 |
|
0 |
|a Hospitals, Medieval
|z Austria
|z Vienna
|x History
|
| 650 |
|
0 |
|a Middle class
|z Austria
|z Vienna
|x History
|
| 650 |
|
4 |
|a Überlieferung, Krankenhaus, Ewigkeit, Kontrolle, Verwaltungsreform, Organisation, Verzeichnis
|
| 653 |
|
0 |
|a Hospitals, Medieval
|a Austria
|a Vienna
|a History
|
| 653 |
|
0 |
|a Middle class
|a Austria
|a Vienna
|a History
|
| 689 |
0 |
0 |
|D b
|0 (DE-588)4463229-0
|0 (DE-627)231110928
|0 (DE-576)212694723
|a Bürgerspital
|g Wien
|2 gnd
|
| 689 |
0 |
1 |
|A z
|2 gnd
|a Geschichte
|
| 689 |
0 |
|
|5 DE-101
|
| 689 |
1 |
0 |
|D b
|0 (DE-588)4463229-0
|0 (DE-627)231110928
|0 (DE-576)212694723
|a Bürgerspital
|g Wien
|2 gnd
|
| 689 |
1 |
1 |
|A z
|2 gnd
|a Geschichte
|
| 689 |
1 |
|
|5 (DE-627)
|
| 810 |
2 |
|
|a Universität Wien
|b Institut für Österreichische Geschichtsforschung
|t Mitteilungen des Instituts für Österreichische Geschichtsforschung
|p Ergänzungsband
|v 33
|9 33
|w (DE-627)129490318
|w (DE-576)014884364
|w (DE-600)206069-3
|7 am
|
| 856 |
4 |
2 |
|u http://www.h-net.org/reviews/showrev.php?id=16169
|v 2016-07-07
|x Verlag
|y Book review (H-Net)
|7 1
|
| 856 |
4 |
2 |
|u https://www.hsozkult.de/publicationreview/id/rezbuecher-432
|m V:DE-576;X:HSozKult
|q text/html
|v 20180413142513
|3 Rezension
|7 1
|
| 856 |
4 |
2 |
|u http://scans.hebis.de/HEBCGI/show.pl?05130367_toc.pdf
|m V:DE-603;B:DE-17
|q application/pdf
|3 Inhaltsverzeichnis
|7 1
|
| 856 |
4 |
2 |
|u https://external.dandelon.com/download/attachments/dandelon/ids/DE00496DC8535051023E3C12576F500505D10.pdf
|m V:DE-601
|m X:AGI
|q pdf/application
|v 2014-12-27
|x Verlag
|3 Inhaltsverzeichnis
|
| 889 |
|
|
|w (DE-627)221911847
|
| 912 |
|
|
|a GBV_ILN_11
|
| 912 |
|
|
|a ISIL_DE-1a
|
| 912 |
|
|
|a SYSFLAG_1
|
| 912 |
|
|
|a GBV_KXP
|
| 912 |
|
|
|a SSG-OPC-ANG
|
| 912 |
|
|
|a GBV_ILN_21
|
| 912 |
|
|
|a ISIL_DE-46
|
| 912 |
|
|
|a GBV_ILN_22
|
| 912 |
|
|
|a ISIL_DE-18
|
| 912 |
|
|
|a GBV_ILN_22_i30908
|
| 912 |
|
|
|a GBV_ILN_24
|
| 912 |
|
|
|a ISIL_DE-8
|
| 912 |
|
|
|a GBV_ILN_24_f040
|
| 912 |
|
|
|a GBV_ILN_31
|
| 912 |
|
|
|a ISIL_DE-27
|
| 912 |
|
|
|a GBV_ILN_40
|
| 912 |
|
|
|a ISIL_DE-7
|
| 912 |
|
|
|a GBV_ILN_40_i053
|
| 912 |
|
|
|a GBV_ILN_50
|
| 912 |
|
|
|a ISIL_DE-23
|
| 912 |
|
|
|a GBV_ILN_60
|
| 912 |
|
|
|a ISIL_DE-705
|
| 912 |
|
|
|a GBV_ILN_62
|
| 912 |
|
|
|a ISIL_DE-28
|
| 912 |
|
|
|a GBV_ILN_69
|
| 912 |
|
|
|a ISIL_DE-9
|
| 912 |
|
|
|a GBV_ILN_72
|
| 912 |
|
|
|a ISIL_DE-35
|
| 912 |
|
|
|a GBV_ILN_123
|
| 912 |
|
|
|a ISIL_DE-Ha33
|
| 912 |
|
|
|a GBV_ILN_350
|
| 912 |
|
|
|a ISIL_DE-2795
|
| 912 |
|
|
|a GBV_ILN_350_
|
| 912 |
|
|
|a GBV_ILN_813
|
| 912 |
|
|
|a ISIL_DE-Mue73
|
| 912 |
|
|
|a GBV_ILN_2001
|
| 912 |
|
|
|a ISIL_DE-21
|
| 912 |
|
|
|a GBV_ILN_2002
|
| 912 |
|
|
|a ISIL_DE-21-32b
|
| 912 |
|
|
|a GBV_ILN_2003
|
| 912 |
|
|
|a ISIL_DE-25
|
| 912 |
|
|
|a GBV_ILN_2005
|
| 912 |
|
|
|a ISIL_DE-291
|
| 912 |
|
|
|a GBV_ILN_2007
|
| 912 |
|
|
|a ISIL_DE-352
|
| 912 |
|
|
|a GBV_ILN_2008
|
| 912 |
|
|
|a ISIL_DE-24
|
| 912 |
|
|
|a GBV_ILN_2009
|
| 912 |
|
|
|a ISIL_DE-180
|
| 912 |
|
|
|a GBV_ILN_2010
|
| 912 |
|
|
|a ISIL_DE-15-292
|
| 912 |
|
|
|a GBV_ILN_2011
|
| 912 |
|
|
|a ISIL_DE-16
|
| 912 |
|
|
|a GBV_ILN_2012
|
| 912 |
|
|
|a ISIL_DE-16-34
|
| 912 |
|
|
|a GBV_ILN_2016
|
| 912 |
|
|
|a ISIL_DE-93-114
|
| 912 |
|
|
|a GBV_ILN_2018
|
| 912 |
|
|
|a ISIL_DE-31
|
| 912 |
|
|
|a GBV_ILN_2030
|
| 912 |
|
|
|a ISIL_DE-77-034
|
| 912 |
|
|
|a ISIL_DE-77-004
|
| 912 |
|
|
|a GBV_ILN_2046
|
| 912 |
|
|
|a ISIL_DE-N1
|
| 912 |
|
|
|a GBV_ILN_2285
|
| 912 |
|
|
|a ISIL_DE-Beu1
|
| 912 |
|
|
|a GBV_ILN_2453
|
| 912 |
|
|
|a ISIL_DE-L327
|
| 935 |
|
|
|a mteo
|
| 935 |
|
|
|i mdedup
|
| 935 |
|
|
|i Blocktest
|
| 936 |
r |
v |
|a NW 8900
|b Stiftungen
|k Geschichte
|k Wirtschafts- und Sozialgeschichte
|k Spezielle Sozialgeschichte
|k Sozialpolitik und Fürsorge
|k Stiftungen
|0 (DE-627)1270818112
|0 (DE-625)rvk/132324:
|0 (DE-576)200818112
|
| 936 |
r |
v |
|a NR 8268
|b Wien
|k Geschichte
|k Landes- und Stadtgeschichte (Allgemeine, Deutsche und Österreichische Landes- und Stadtgeschichte, Ausländische Stadtgeschichte, Geschichte der Auslanddeutschen)
|k Österreichische Landesgeschichte
|k Wien, Niederösterreich und Burgenland
|k Stadtgeschichte
|k Einzelne Städte
|k Wien
|0 (DE-627)127088381X
|0 (DE-625)rvk/129885:
|0 (DE-576)20088381X
|
| 936 |
r |
v |
|a XB 3988
|b Hygiene, Öffentliches Gesundheitswesen, Arbeitsmedizin, Sozialmedizin
|k Medizin
|k Geschichte der Medizin
|k Regionale Geschichte der Medizin
|k Europa
|k Österreich (einschließlich K. und K. Monarchie), Ungarn Schweiz
|k B. Sachschlüssel
|k Unterteilung nach medizinischen Disziplinen
|k Hygiene, Öffentliches Gesundheitswesen, Arbeitsmedizin, Sozialmedizin
|0 (DE-627)1272633616
|0 (DE-625)rvk/152461:12997
|0 (DE-576)202633616
|
| 936 |
b |
k |
|a 15.60
|j Schweiz
|j Österreich-Ungarn
|j Österreich
|x Geschichte
|q coli-conc RVK->BK
|q https://coli-conc.gbv.de/api/mappings/dc195c06-ec1f-4383-8842-a17b07521aba
|0 (DE-627)181571633
|
| 936 |
b |
k |
|a 15.07
|j Kulturgeschichte
|0 (DE-627)181569620
|
| 936 |
b |
k |
|a 44.01
|j Geschichte der Medizin
|0 (DE-627)106409638
|
| 936 |
s |
n |
|a n100
|2 mzub
|
| 936 |
s |
n |
|a w200
|2 mzub
|
| 936 |
s |
n |
|a m200
|2 mzub
|
| 936 |
s |
n |
|a b100
|2 mzub
|
| 951 |
|
|
|a BO
|
| 953 |
|
|
|2 045F
|a 362.1/1/09436130902
|u https://www.gbv.de/dms/ddc/362.1109436130902.pdf
|
| 953 |
|
|
|2 045F
|a 362.1109436130902
|
| 980 |
|
|
|2 11
|1 01
|x 0001
|b 030397480
|c 00
|f 2
|d 1 A 279440
|e u
|j --%%--
|y r
|z 21-01-99
|
| 980 |
|
|
|2 21
|1 01
|x 0046
|b 577424726
|c 00
|f E03
|d z hil 001 jb/37-33
|e d
|j --%%--
|h kk
|y rza
|z 07-11-02
|
| 980 |
|
|
|2 22
|1 01
|x 0018
|b 230919499
|c 00
|f 18/309-GE
|d hil 726 wie 5y/1 AUS
|e c
|j --%%--
|c 04
|f 18/309-h
|d hil 726 wie 5y/1 AUS
|e i
|j --%%--
|y zi30908
|z 07-03-97
|
| 980 |
|
|
|2 22
|1 02
|x 0018
|b 244776423
|c 00
|f SUB
|d A 1997/7312
|e u
|j --%%--
|y zu
|z 24-06-97
|
| 980 |
|
|
|2 24
|1 01
|x 0008
|b 23141059X
|c 00
|f 10 gsd 339
|d Pg 3719-33
|e u
|j --%%--
|h hb
|y zz1
|z 17-03-97
|
| 980 |
|
|
|2 24
|1 02
|x 0008
|b 284235032
|c 00
|f 8/40
|d Gb 256 (Erg.-Bd. 33)
|e i
|j --%%--
|h ha
|y zf040
|z 25-05-98
|
| 980 |
|
|
|2 31
|1 01
|x 0027
|b 406953228
|c 00
|f J 23
|d HIS:ZM:5601::(33):1996
|e d
|j --%%--
|y z
|z 16-11-00
|
| 980 |
|
|
|2 40
|1 01
|x 0007
|b 231422156
|c 00
|f --%%--
|d 97 A 20510
|e u
|j --%%--
|y xsn
|z 13-06-97
|
| 980 |
|
|
|2 40
|1 02
|x 0007
|b 403585430
|c 00
|f BBK-IHLF
|d L-RB Wien 9
|e i
|j --%%--
|y zi053
|z 15-09-00
|
| 980 |
|
|
|2 40
|1 03
|x 0007
|b 229422098
|c 00
|f BBK-HIST-Z
|d Z 51 (33)
|e i
|j --%%--
|y zi053
|z 18-02-97
|
| 980 |
|
|
|2 50
|1 01
|x 0023
|b 236212737
|c 00
|f --%%--
|d F8° 221:Erg.bd.33
|e u
|j --%%--
|y k
|z 12-05-97
|
| 980 |
|
|
|2 60
|1 01
|x 0705
|b 235831573
|c 00
|f PAE
|d HIL 571 3DD:YA0001
|e u
|j --%%--
|y z
|z 13-08-97
|
| 980 |
|
|
|2 62
|1 01
|x 0028
|b 295153342
|c 00
|f 28/BB1-MAG
|d ZA 8780 (33)
|e u
|j --%%--
|c 05
|f --%%--
|d NR 8268 P748
|e --%%--
|j --%%--
|y zu
|z 08-09-98
|
| 980 |
|
|
|2 69
|1 01
|x 0009
|b 368969304
|c 00
|f BB 310
|d 310/NR 8268 P748
|e u
|j --%%--
|y ni225
|z 04-05-11
|
| 980 |
|
|
|2 72
|1 01
|x 0035
|b 236031635
|c 00
|f ZEN
|d 97/3747
|e u
|j --%%--
|y kz
|z 07-05-97
|
| 980 |
|
|
|2 123
|1 01
|x 3311
|b 300321341
|c 00
|f --%%--
|d GMn 960
|e i
|j --%%--
|y z
|z 01-10-98
|
| 980 |
|
|
|2 350
|1 01
|x 8293
|b 098109502
|c 00
|f KELLER
|d Z 63a -33
|e i
|j --%%--
|y n
|z 25-02-97
|
| 980 |
|
|
|2 813
|1 01
|x 4813
|b 4390089323
|c 00
|f DMAG
|d 97:0681
|e u
|j --%%--
|y ndbm
|z 05-10-23
|
| 980 |
|
|
|2 2001
|1 01
|x DE-21
|b 3159072452
|c 00
|f --%%--
|d 36 A 19092
|e --%%--
|j --%%--
|y l01
|z 13-02-97
|
| 980 |
|
|
|2 2002
|1 01
|x DE-21-32b
|b 3159072479
|c 00
|f --%%--
|d Cd 21/33
|e p
|j --%%--
|y l01
|z 24-08-05
|
| 980 |
|
|
|2 2003
|1 01
|x DE-25
|b 3159072495
|c 00
|f --%%--
|d GE 97/1422
|e --%%--
|j --%%--
|y l01
|z 12-02-97
|
| 980 |
|
|
|2 2005
|1 01
|x DE-291
|b 3159072584
|c 00
|f --%%--
|d 2007-4389
|e --%%--
|j --%%--
|y l01
|z 07-05-07
|
| 980 |
|
|
|2 2007
|1 01
|x DE-352
|b 3159072657
|c 00
|f --%%--
|d gsa 2/m61a-33
|e --%%--
|j --%%--
|y l01
|z 06-12-96
|
| 980 |
|
|
|2 2008
|1 01
|x DE-24
|b 3159072711
|c 00
|f --%%--
|d 46/22647
|e --%%--
|j --%%--
|c 01
|f Magazin 8
|d NR 8268 46/22647
|e --%%--
|j --%%--
|k st a
|y l01
|z 08-04-97
|
| 980 |
|
|
|2 2009
|1 01
|x DE-180
|b 3159072800
|c 00
|f MAG03
|d 2015 BA 5795
|e --%%--
|j l
|y l01
|z 09-11-16
|
| 980 |
|
|
|2 2010
|1 01
|x DE-15-292
|b 3159072894
|c 00
|f --%%--
|d --%%--
|e --%%--
|j --%%--
|y l01
|z 22-12-98
|
| 980 |
|
|
|2 2010
|1 02
|x DE-15-292
|b 3159072908
|c 00
|f --%%--
|d --%%--
|e --%%--
|j --%%--
|y l02
|z 24-09-18
|
| 980 |
|
|
|2 2011
|1 01
|x DE-16
|b 3159072975
|c 00
|f --%%--
|d 96 A 12226
|e --%%--
|j --%%--
|y l01
|z 03-03-97
|
| 980 |
|
|
|2 2012
|1 01
|x DE-16-34
|b 3159073076
|c 00
|f --%%--
|d Zb 50
|e p
|j --%%--
|y l01
|z 21-03-97
|
| 980 |
|
|
|2 2016
|1 01
|x DE-93-114
|b 3159073149
|c 00
|f --%%--
|d Mkt 1215
|e p
|j --%%--
|k Acc.2015/686
|y l01
|z 22-07-15
|
| 980 |
|
|
|2 2018
|1 01
|x DE-31
|b 3159073203
|c 00
|f --%%--
|d 97 A 5173
|e --%%--
|j --%%--
|y l01
|z 17-06-97
|
| 980 |
|
|
|2 2030
|1 01
|x DE-77-034
|b 4893813501
|c 00
|f --%%--
|d Krankh 54 Wie 1996
|e --%%--
|j n
|y l01
|z 25-01-05
|
| 980 |
|
|
|2 2030
|1 02
|x DE-77-004
|b 4893813528
|c 00
|f Standort Mittlere und Neuere Geschichte
|d Eg 104-33
|e --%%--
|j n
|y l02
|z 30-07-02
|
| 980 |
|
|
|2 2046
|1 01
|x DE-N1
|b 3159073289
|c 00
|f --%%--
|d 8 Zg OST 020/2 [Erg.Bd.33]
|e p
|j --%%--
|y l01
|z 11-02-10
|
| 980 |
|
|
|2 2285
|1 01
|x DE-Beu1
|b 315907336X
|c 00
|f --%%--
|d 8° Z 274
|e l
|j a
|y l01
|z 21-12-16
|
| 980 |
|
|
|2 2453
|1 01
|x DE-L327
|b 3159073440
|c 00
|f --%%--
|d 2001/1414
|e p
|j n
|k Bibl.: S. 193-210; Reg.: S. 211-219
|y l01
|z 03-06-13
|
| 982 |
|
|
|2 62
|1 00
|x DE-28
|8 00
|s g
|a Wien
|
| 982 |
|
|
|2 62
|1 00
|x DE-28
|8 00
|s s
|a Bürgerspital
|
| 982 |
|
|
|2 62
|1 00
|x DE-28
|8 00
|s z
|a Geschichte Anfänge - 1529
|
| 982 |
|
|
|2 350
|1 01
|x 8293
|8 00
|a Wien
|
| 982 |
|
|
|2 350
|1 01
|x 8293
|8 00
|a Hospital
|
| 982 |
|
|
|2 350
|1 01
|x 8293
|8 00
|a 1470-1533
|
| 982 |
|
|
|2 350
|1 01
|x 8293
|8 00
|a Stadtgeschichte
|
| 982 |
|
|
|2 813
|1 00
|x DE-Mue73
|8 00
|a Wien / Bürgerspital / Mittelalter
|
| 982 |
|
|
|2 813
|1 00
|x DE-Mue73
|8 01
|a Krankenpflege / Kirchliche Stiftung / Mittelalter
|
| 982 |
|
|
|2 2285
|1 01
|x DE-Beu1
|8 00
|s s
|a Wien
|
| 982 |
|
|
|2 2285
|1 01
|x DE-Beu1
|8 00
|s s
|a Bürgerspital
|
| 982 |
|
|
|2 2453
|1 01
|x DE-L327
|8 00
|s g
|a Wien
|
| 983 |
|
|
|2 11
|1 00
|x DE-1a
|8 00
|0 (DE-627)292580509
|a Med E 1518 Wien: Bürgerspital
|
| 983 |
|
|
|2 11
|1 00
|x DE-1a
|8 01
|0 (DE-627)292580517
|a Wien; Med E 1518 Bürgerspital
|
| 983 |
|
|
|2 21
|1 00
|x DE-46
|8 30
|a hil 750 wien
|
| 983 |
|
|
|2 21
|1 00
|x DE-46
|8 99
|a 24
|
| 983 |
|
|
|2 24
|1 01
|x 0008
|8 50
|0 (DE-627)25292892X
|a gsd 339.60
|b Randgruppe
|b Geschichte 500-1500
|
| 983 |
|
|
|2 24
|1 01
|x 0008
|8 60
|0 (DE-627)05857316X
|a reg 23.4
|b Österreich
|
| 983 |
|
|
|2 24
|1 01
|x 0008
|8 70
|0 (DE-627)057933022
|a gsd 339
|b Randgruppe
|b Geschichte 500-1500
|
| 983 |
|
|
|2 31
|1 00
|x DE-27
|8 00
|a HIS
|
| 983 |
|
|
|2 40
|1 00
|x DE-7
|8 00
|0 (DE-627)621357936
|a PLE 700
|b Stadt- und Ortsgeschichte {Geschichte Österreichs : Frühe Neuzeit}
|
| 983 |
|
|
|2 60
|1 00
|x DE-705
|8 00
|a hil 750 wie
|
| 983 |
|
|
|2 60
|1 00
|x DE-705
|8 04
|a HIL 571
|
| 983 |
|
|
|2 60
|1 00
|x DE-705
|8 11
|a XA-AT
|
| 983 |
|
|
|2 123
|1 00
|x DE-Ha33
|8 00
|a OCo
|
| 983 |
|
|
|2 2001
|1 01
|x DE-21
|8 00
|a t3.2
|
| 984 |
|
|
|2 11
|1 01
|x 0001
|a 127863690010
|
| 984 |
|
|
|2 22
|1 01
|x 0018
|a 100896361
|
| 984 |
|
|
|2 22
|1 02
|x 0018
|a 9741073124
|
| 984 |
|
|
|2 24
|1 01
|x 0008
|a 8$0011915269
|
| 984 |
|
|
|2 31
|1 01
|x 0027
|a 27$007853238
|
| 984 |
|
|
|2 40
|1 01
|x 0007
|a 7$206288336
|
| 984 |
|
|
|2 40
|1 02
|x 0007
|a 7$228408075
|
| 984 |
|
|
|2 40
|1 03
|x 0007
|a 7$225186144
|
| 984 |
|
|
|2 50
|1 01
|x 0023
|a 23$10246223
|
| 984 |
|
|
|2 60
|1 01
|x 0705
|a 705/0$20389426
|
| 984 |
|
|
|2 62
|1 01
|x 0028
|a 28$005698499
|
| 984 |
|
|
|2 69
|1 01
|x 0009
|a 9$08809992
|
| 984 |
|
|
|2 72
|1 01
|x 0035
|a 35$031228151
|
| 984 |
|
|
|2 813
|1 01
|x 4813
|a 0000104600
|
| 985 |
|
|
|2 21
|1 01
|x 0046
|a vl 4747
|
| 985 |
|
|
|2 22
|1 01
|x 0018
|a 279/97
|
| 985 |
|
|
|2 24
|1 02
|x 0008
|a 514/1997
|
| 985 |
|
|
|2 31
|1 01
|x 0027
|a B 2415
|
| 985 |
|
|
|2 40
|1 02
|x 0007
|a 12.783
|
| 985 |
|
|
|2 40
|1 03
|x 0007
|a 97.147
|
| 985 |
|
|
|2 50
|1 01
|x 0023
|a F8° 221:Erg.bd.33
|
| 985 |
|
|
|2 60
|1 01
|x 0705
|a 1997 00957
|
| 985 |
|
|
|2 62
|1 01
|x 0028
|a ZA 8780 (33)
|
| 985 |
|
|
|2 69
|1 01
|x 0009
|a 1997.585
|
| 985 |
|
|
|2 72
|1 01
|x 0035
|a Z 1997.41
|
| 985 |
|
|
|2 123
|1 01
|x 3311
|a 7.2836
|
| 985 |
|
|
|2 350
|1 01
|x 8293
|a 97/132
|
| 985 |
|
|
|2 813
|1 01
|x 4813
|a 97:0681
|
| 985 |
|
|
|2 2002
|1 01
|x DE-21-32b
|a 97/27
|
| 985 |
|
|
|2 2285
|1 01
|x DE-Beu1
|a 1997.143
|
| 985 |
|
|
|2 2453
|1 01
|x DE-L327
|a 2001:1789
|
| 995 |
|
|
|2 21
|1 01
|x 0046
|a kk
|
| 995 |
|
|
|2 24
|1 01
|x 0008
|a hb
|
| 995 |
|
|
|2 24
|1 02
|x 0008
|a ha
|